<?xml version="1.0" encoding="UTF-8"?><?xml-stylesheet type="text/xsl" href="static/style.xsl"?><OAI-PMH xmlns="http://www.openarchives.org/OAI/2.0/" xmlns:xsi="http://www.w3.org/2001/XMLSchema-instance" xsi:schemaLocation="http://www.openarchives.org/OAI/2.0/ http://www.openarchives.org/OAI/2.0/OAI-PMH.xsd"><responseDate>2026-04-17T16:13:28Z</responseDate><request verb="GetRecord" identifier="oai:www.recercat.cat:10459.1/64756" metadataPrefix="marc">https://recercat.cat/oai/request</request><GetRecord><record><header><identifier>oai:recercat.cat:10459.1/64756</identifier><datestamp>2024-12-05T22:13:52Z</datestamp><setSpec>com_2072_3622</setSpec><setSpec>col_2072_479130</setSpec></header><metadata><record xmlns="http://www.loc.gov/MARC21/slim" xmlns:dcterms="http://purl.org/dc/terms/" xmlns:xsi="http://www.w3.org/2001/XMLSchema-instance" xmlns:doc="http://www.lyncode.com/xoai" xsi:schemaLocation="http://www.loc.gov/MARC21/slim http://www.loc.gov/standards/marcxml/schema/MARC21slim.xsd">
   <leader>00925njm 22002777a 4500</leader>
   <datafield ind2=" " ind1=" " tag="042">
      <subfield code="a">dc</subfield>
   </datafield>
   <datafield ind2=" " ind1=" " tag="720">
      <subfield code="a">Granado Casas, Minerva</subfield>
      <subfield code="e">author</subfield>
   </datafield>
   <datafield ind2=" " ind1=" " tag="720">
      <subfield code="a">Alcubierre Calvo, Núria</subfield>
      <subfield code="e">author</subfield>
   </datafield>
   <datafield ind2=" " ind1=" " tag="720">
      <subfield code="a">Martín, Mariona</subfield>
      <subfield code="e">author</subfield>
   </datafield>
   <datafield ind2=" " ind1=" " tag="720">
      <subfield code="a">Real, Jordi</subfield>
      <subfield code="e">author</subfield>
   </datafield>
   <datafield ind2=" " ind1=" " tag="720">
      <subfield code="a">Ramírez-Morros, Anna</subfield>
      <subfield code="e">author</subfield>
   </datafield>
   <datafield ind2=" " ind1=" " tag="720">
      <subfield code="a">Cuadrado, Maribel</subfield>
      <subfield code="e">author</subfield>
   </datafield>
   <datafield ind2=" " ind1=" " tag="720">
      <subfield code="a">Alonso, Núria</subfield>
      <subfield code="e">author</subfield>
   </datafield>
   <datafield ind2=" " ind1=" " tag="720">
      <subfield code="a">Falguera, Mireia</subfield>
      <subfield code="e">author</subfield>
   </datafield>
   <datafield ind2=" " ind1=" " tag="720">
      <subfield code="a">Hernández García, Marta</subfield>
      <subfield code="e">author</subfield>
   </datafield>
   <datafield ind2=" " ind1=" " tag="720">
      <subfield code="a">Aguilera, Eva</subfield>
      <subfield code="e">author</subfield>
   </datafield>
   <datafield ind2=" " ind1=" " tag="720">
      <subfield code="a">Lecube Torelló, Albert</subfield>
      <subfield code="e">author</subfield>
   </datafield>
   <datafield ind2=" " ind1=" " tag="720">
      <subfield code="a">Castelblanco Echavarría, Esmeralda</subfield>
      <subfield code="e">author</subfield>
   </datafield>
   <datafield ind2=" " ind1=" " tag="720">
      <subfield code="a">Puig-Domingo, Manuel</subfield>
      <subfield code="e">author</subfield>
   </datafield>
   <datafield ind2=" " ind1=" " tag="720">
      <subfield code="a">Mauricio Puente, Dídac</subfield>
      <subfield code="e">author</subfield>
   </datafield>
   <datafield ind2=" " ind1=" " tag="260">
      <subfield code="c">2018-09-24T10:58:43Z</subfield>
   </datafield>
   <datafield ind2=" " ind1=" " tag="260">
      <subfield code="c">2018-09-24T10:58:43Z</subfield>
   </datafield>
   <datafield ind2=" " ind1=" " tag="260">
      <subfield code="c">2018-07-16</subfield>
   </datafield>
   <datafield ind2=" " ind1=" " tag="260">
      <subfield code="c">2018-09-24T10:58:45Z</subfield>
   </datafield>
   <datafield ind2=" " ind1=" " tag="520">
      <subfield code="a">Purpose We aimed to assess food intake and adherence to the Mediterranean Diet in patients with T1D compared with nondiabetic individuals. Methods This was an observational, multicenter study in 262 T1D subjects and 254 age- and sex-matched nondiabetic subjects. A validated food-frequency questionnaire was administered. The alternate Mediterranean Diet Score (aMED) and alternate Healthy Eating Index (aHEI) were assessed. The clinical variables were also collected. The analysis of data included comparisons between groups and multivariate models. Results Compared to the controls, the patients with T1D had a higher intake of dairy products (p &lt; 0.001), processed meat (p = 0.001), fatty fish (p = 0.009), fruits and vegetables (p &lt; 0.001), nuts (p = 0.011), legumes (p &lt; 0.001), potatoes (p = 0.045), and bread (p = 0.045), and a lower intake of seafood (p = 0.011), sweets (p &lt; 0.001), and alcohol drinks (p = 0.025). This intake pattern resulted in a higher consumption of complex carbohydrates (p = 0.049), fiber (p &lt; 0.001), protein (p &lt; 0.001), polyunsaturated fatty acids (PUFA) (p = 0.007), antioxidants (p &lt; 0.001), vitamins (p &lt; 0.001), and minerals (p &lt; 0.001). The frequency of patients with T1D and low aMED score (23.2%) was lower than that of the controls (35.4%; p = 0.019). The overall multivariate analysis showed that, among other factors, being a T1D subject was associated with improved aMED and aHEI scores (p = 0.006 and p &lt; 0.001). In patients with T1D, residing in a nonurban area was associated with improved aMED and aHEI scores (p = 0.001 and p &lt; 0.001). Conclusions Adult patients with T1D showed healthier dietary habits and a higher adherence to the Mediterranean Diet than nondiabetic subjects. Residing in a nonurban area is associated with an improved dietary pattern.</subfield>
   </datafield>
   <datafield ind2=" " ind1=" " tag="520">
      <subfield code="a">This study was supported by the Catalan Diabetes Association (Beca d’Educació Terapèutica 2015), Spain. Additional support from Grants PI12/00183 and PI15/00625 from the Instituto de Salud Carlos III (Ministry of Economy and Competitiveness, Spain) to DM is acknowledged. CIBERDEM is an initiative from the Instituto de Salud Carlos III (Plan Nacional de I + D + I and Fondo Europeo de Desarrollo Regional). MG-C holds a predoctoral fellowship from the Ministerio de Educación, Cultura y Deporte, FPU15/03005.</subfield>
   </datafield>
   <datafield ind1="8" ind2=" " tag="024">
      <subfield code="a">http://hdl.handle.net/10459.1/64756</subfield>
   </datafield>
   <datafield tag="653" ind2=" " ind1=" ">
      <subfield code="a">Diabetis</subfield>
   </datafield>
   <datafield tag="653" ind2=" " ind1=" ">
      <subfield code="a">Hàbits alimentaris</subfield>
   </datafield>
   <datafield tag="653" ind2=" " ind1=" ">
      <subfield code="a">Nutrició</subfield>
   </datafield>
   <datafield tag="653" ind2=" " ind1=" ">
      <subfield code="a">Diabetes</subfield>
   </datafield>
   <datafield tag="653" ind2=" " ind1=" ">
      <subfield code="a">Food habits</subfield>
   </datafield>
   <datafield tag="653" ind2=" " ind1=" ">
      <subfield code="a">Nutrition</subfield>
   </datafield>
   <datafield ind2="0" ind1="0" tag="245">
      <subfield code="a">Improved adherence to Mediterranean Diet in adults with type 1 diabetes mellitus</subfield>
   </datafield>
</record></metadata></record></GetRecord></OAI-PMH>